Statistics for England Rugby - Most Dropped Goals

Click here to take the quiz!

General Stats

  • This quiz has been taken 30 times
  • The average score is 2 of 6

Answer Stats

Dropped GoalsYears ActivePlayer% Correct
361998-2011Jonny Wilkinson
100%
211985-1997Rob Andrew
54%
61995-2004Paul Grayson
38%
42005-2009Andy Goode
35%
41979-1988Les Cusworth
8%
41978-1984John Horton
0%

Score Distribution

Percentile by Number Answered

Percent of People with Each Score

Your Score History

You have not taken this quiz